000 00655nam a2200217Ia 4500
003 GCL
008 140319s9999 xx 000 0 ara d
040 _aGCL /
_cGCL
082 0 4 _aق
_b962.069
_bم د
100 1 _aالمتحف الحربى
245 1 0 _aدليل المتحف الحربى بالقلعة وعابدين /
_cالمتحف الحربى
260 _aالقاهرة :
_bمطبعة التحرير ،
_c1958
300 _a79 ص ؛
_c20 سم
490 _a
650 0 4 _aمصر
650 0 4 _aالتاريخ
650 0 4 _aالقاهرة
650 0 4 _aالمتحف الحربى
650 0 4 _aقلعة محمد على
942 _2ddc
_cBK
999 _c59064
_d59064